000 00434nam a2200193Ia 4500
005 20240823012657.0
008 240823s9999||||xx |||||||||||||| ||und||
020 _a07-025256-4
041 _aENGLISH
082 _A808 L1
100 _a"Guth,Hans P"
245 4 _aThe Writer At Work
250 _a1st
260 _c1971
_b"Webster,Ne"
500 _aYES
650 _aGeneral Studies
_bGeneral
942 _cBK
999 _c165080
_d165080